Project Runway Season 14 - Statistics

General Stats
  • This quiz has been taken 115 times
  • The average score is 13 of 16
Answer Stats
Place Finished Designer % Correct
12th place Amanda Perna
100%
Winner Ashley Nell Tipton
100%
11th place Blake Patterson
100%
4th place Candice Cuoco
100%
16th place Duncan Chambers-Watson
100%
3rd place Edmond Newton
100%
Runner Up Kelly Dempsey
100%
5th place Merline Labissiere
100%
15th place David Giampiccolo
75%
13th place Gabrielle Arruda
75%
14th place Hanmiao Yang
75%
9th place Joseph Charles Poli
75%
7th place Laurie Underwood
75%
10th place Jake Wall
50%
8th place Lindsey Creel
50%
6th place Saisha Shinde
50%
No matching quizzes found
Score Distribution
Percent of People with Each Score
Percentile by Number Answered
Your Score History
You have not taken this quiz